Draft wet tropics plan (Registro nro. 1119)

Detalles MARC
000 -CABECERA
Campo de control 00987nam a2200301 a 4500
005 - FECHA Y HORA DE LA ULTIMA TRANSACCION
Campo de control 20191224041554.0
008 - ELEMENTOS DE LONGITUD FIJA—INFORMACION GENERAL
Campo de control 140225b1995 at ||||gr|||| 00| 0 eng d
040 ## - FUENTE DE CATALOGACIÓN
Agencia catalogadora original CO-BoIAVH
Agencia transcriptora CO-BoIAVH
041 ## - IDIOMA
Código de idioma para texto/pista de sonido o título separado Inglés
082 04 - NUMERO DE CLASIFICACION DECIMAL DEWEY
Número de clasificación 333.72
Número del ítem W53d
110 2# - ASIENTO PRINCIPAL--NOMBRE CORPORATIVO
Unidad subordinad Wet Tropics Management Authority
9 (RLIN) 10890
245 1# - MENCION DE TITULO
Título Draft wet tropics plan
Parte restante del título protection trough partnerships
260 ## - PUBLICACION, DISTRIBUCION, ETC. (PIE DE IMPRENTA)
Lugar de publicación, distribución, etc. Cairns
Nombre del editor, distribuidor, etc. Wet Tropics Management Authority
Fecha de publicación, distribución, etc. 1995
300 ## - DESCRIPCION FISICA
Extensión 180 paginas.
Dimensiones 29 x 21 cm
Material acompañante Mapas
650 #4 - ASIENTO SECUNDARIO DE MATERIA - TERMINO TEMATICO
Término temático o nombre geográfico como elemento de entrada Bosque húmedo tropical
9 (RLIN) 3501
650 #4 - ASIENTO SECUNDARIO DE MATERIA - TERMINO TEMATICO
Término temático o nombre geográfico como elemento de entrada Conservación de ecosistemas
9 (RLIN) 62266
650 #4 - ASIENTO SECUNDARIO DE MATERIA - TERMINO TEMATICO
Término temático o nombre geográfico como elemento de entrada Vegetación
9 (RLIN) 62267
650 #4 - ASIENTO SECUNDARIO DE MATERIA - TERMINO TEMATICO
Término temático o nombre geográfico como elemento de entrada Uso de biodiversidad
9 (RLIN) 343
650 #6 - ASIENTO SECUNDARIO DE MATERIA - TERMINO TEMATICO
Término temático o nombre geográfico como elemento de entrada Fauna
9 (RLIN) 62269
650 #6 - ASIENTO SECUNDARIO DE MATERIA - TERMINO TEMATICO
Término temático o nombre geográfico como elemento de entrada Legislación ambiental
9 (RLIN) 62270
650 #6 - ASIENTO SECUNDARIO DE MATERIA - TERMINO TEMATICO
Término temático o nombre geográfico como elemento de entrada Apoyo institucional
9 (RLIN) 7678
650 #6 - ASIENTO SECUNDARIO DE MATERIA - TERMINO TEMATICO
Término temático o nombre geográfico como elemento de entrada Colecciones biológicas
9 (RLIN) 4146
650 #4 - ASIENTO SECUNDARIO DE MATERIA - TERMINO TEMATICO
Término temático o nombre geográfico como elemento de entrada Sistemas de información
9 (RLIN) 62272
650 #4 - ASIENTO SECUNDARIO DE MATERIA - TERMINO TEMATICO
Término temático o nombre geográfico como elemento de entrada Ecoturísmo
9 (RLIN) 62273
650 #4 - ASIENTO SECUNDARIO DE MATERIA - TERMINO TEMATICO
Término temático o nombre geográfico como elemento de entrada Impacto ambiental
9 (RLIN) 92215
650 #4 - ASIENTO SECUNDARIO DE MATERIA - TERMINO TEMATICO
Término temático o nombre geográfico como elemento de entrada Biodiversidad
9 (RLIN) 92204
942 ## - ELEMENTOS ADICIONALES (KOHA)
Tipo de ítem Libro
Sistema de clasificación Dewey Decimal Classification
Existencias
Withdrawn status Lost status Sistema de Clasificación Damaged status No para préstamo Colección Inventariado Ubicación Permanente Ubicación actual Fecha de adquisición Fuente de Valor Valor Total Checkouts Número topográfico Inventario / Código de Barras Date last seen Ejemplar Price effective from Forma de adquisición Tipo de material Public note
    Dewey Decimal Classification     General Inventariado 2017 Bogotá Bogotá 11/04/1999 Instituto 39000.00   LB-333.72 W53d 001517 04/12/2012 Ej. 1 04/12/2012   Libro  
    Local     General   Villa de Leyva Villa de Leyva 11/04/1999 Samper, Cristián     LB-01108 001518 04/12/2012 Ej. 1 04/12/2012   Libro Draft wet tropics plan: protection trough partnerships
    Local     General   Villa de Leyva Villa de Leyva 11/04/1999 Samper, Cristián     LB-01108 001519 04/12/2012 Ej. 1 04/12/2012   Libro Draft wet tropics plan: protection trough partnerships